Statistics for Highest Rated N64 Games of All Time

Click here to take the quiz!

General Stats

  • This quiz has been taken 24 times
  • The average score is 13 of 25

Answer Stats

HintAnswer% Correct
Score 94 Year 1996Super Mario 64
95%
Score 92 Year 1998Banjo-Kazooie
90%
Score 96 Year 1997Goldeneye 007
90%
Score 99 Year 1998The Legend of Zelda: Ocarina of Time
90%
Score 95 Year 2000The Legend of Zelda: Majora's Mask
86%
Score 90 Year 2000Banjo-Tooie
81%
Score 90 Year 1999Donkey Kong 64
81%
Score 97 Year 2000Perfect Dark
81%
Score 88 Year 1997Diddy Kong Racing
76%
Score 92 Year 2001Conker's Bad Fur Day
67%
Score 88 Year 1997Star Fox 64
57%
Score 91 Year 1999Mario Golf
52%
Score 91 Year 2000Mario Tennis
52%
Score 85 Year 1998F-Zero X
48%
Score 93 Year 2001Paper Mario
48%
Score 85 Year 1997Turok: Dinosaur Hunter/NFL Blitz 2000
43%
Score 92 Year 1996Wave Race 64
33%
Score 85 Year 1998Star Wars: Rogue Squadron
29%
Score 89 Year 2000WWF No Mercy
29%
Score 90 Year 1997Blast Corps
24%
Score 88 Year 2000Excitebike 64
24%
Score 86 Year 1998Turok 2: Seeds of Evil
24%
Score 89 Year 1999Resident Evil 2
19%
Score 90 Year 1999Beetle Adventure Racing
10%
Score 90 Year 1999Rayman 2: The Great Escape
0%

Score Distribution

Percentile by Number Answered

Percent of People with Each Score

Your Score History

You have not taken this quiz